Groundwater level survey in Nebraska, (Record no. 27191)

MARC details
000 -LEADER
fixed length control field 00707cam a22002411 4500
001 - CONTROL NUMBER
control field gs 35000180
003 - CONTROL NUMBER IDENTIFIER
control field DLC
005 - DATE AND TIME OF LATEST TRANSACTION
control field 20260227111339.0
008 - FIXED-LENGTH DATA ELEMENTS--GENERAL INFORMATION
fixed length control field 790615s1935 nbu s000 0 eng
010 ## - LIBRARY OF CONGRESS CONTROL NUMBER
LC control number gs 35000180
035 ## - SYSTEM CONTROL NUMBER
System control number (OCoLC)5069495
040 ## - CATALOGING SOURCE
Original cataloging agency DLC
Transcribing agency TxCM
Modifying agency OCoLC
-- DLC
042 ## - AUTHENTICATION CODE
Authentication code premarc
050 00 - LIBRARY OF CONGRESS CALL NUMBER
Classification number QE135
Item number .A43 no. 7
100 1# - MAIN ENTRY--PERSONAL NAME
Personal name Waite, Herbert Ames,
Dates associated with a name 1910-
245 10 - TITLE STATEMENT
Title Groundwater level survey in Nebraska,
Statement of responsibility, etc. by Herbert A. Waite.
260 ## - PUBLICATION, DISTRIBUTION, ETC.
Place of publication, distribution, etc. [Lincoln]
Name of publisher, distributor, etc. Published by authority of the state of Nebraska,
Date of publication, distribution, etc. 1935.
300 ## - PHYSICAL DESCRIPTION
Extent 14 p.
410 20 - SERIES STATEMENT/ADDED ENTRY--CORPORATE NAME [OBSOLETE, CAN/MARC], [LOCAL, USA]
Corporate name or jurisdiction name as entry element Nebraska Geological Survey
Title of a work Paper
Volume number/sequential designation no. 7
500 ## - GENERAL NOTE
General note Cover title.
650 #0 - SUBJECT ADDED ENTRY--TOPICAL TERM
Topical term or geographic name entry element Groundwater
Geographic subdivision Nebraska.
650 #0 - SUBJECT ADDED ENTRY--TOPICAL TERM
Topical term or geographic name entry element Wells.

No items available.

Powered by Koha